Préfectures françaises- Mort Subite #1 - Statistiques

Statistiques générales
  • Ce quiz a été pris 346 fois
  • Le résultat moyen est 7 sur 20
Answers on the Grid
Answers color-coded by a green-red scale on the quiz's grid according to % correct below.
Privas
Le Havre
Paris
Brest
Foix
Saint-Denis (93)
Saint-Brieuc
Reims
Angoulême
Saumur
Nice
Rouen
Roubaix
Rennes
Bar-de-Luc
Meysse
Bordeaux
Sedan
Istres
Le Mans
Cap
Annecy
Cherbourg
Orleans
Vienne
Belfort
Beauvallon
Rodez
Agen
Vichy
Strasbourg
Pointe-à Pitre
Moulins
Mulhouse
Chaumont
Toul
Bergerac
Valence
Châteaurouge
Saint-Denis (974)
 
Statistiques - réponses
Réponse % Correct
Paris
56%
Nice
43%
Privas
43%
Rouen
42%
Rennes
41%
Bordeaux
39%
Le Mans
39%
Foix
38%
Strasbourg
38%
Angoulême
37%
Agen
35%
Orleans
35%
Saint-Brieuc
33%
Belfort
32%
Annecy
31%
Saint-Denis (974)
31%
Moulins
30%
Rodez
30%
Valence
28%
Chaumont
22%
Aucun quiz correspondant
Distribution des résultats
% des personnes avec chaque résultat
Percentile par nombre de réponses
Votre historique - résultats
Vous n’avez pas pris ce quiz